112_ Personnalités nées un 22 avril par images - Statistiques

Statistiques générales
  • Ce quiz a été pris 33 fois
  • Le résultat moyen est 4 sur 12
Statistiques - réponses
Par images Hint Réponse % Correct
Dirigeant Politique Vladimir Ilitch Oulianov Lénine
88%
Nageur Camille Lacourt
75%
Footballeur Kaká
56%
Politicien Olivier Véran
50%
Scientifique Robert Oppenheimer
44%
Philosophe Emmanuel Kant
31%
Homme d'affaires Sam Altman
28%
Actrice Amber Heard
25%
Actrice Nicole Garcia
16%
Acteur Jeffrey Dean Morgan
9%
Écrivaine Germaine de Staël
6%
Tenniswomen Sabine Appelmans
0%
Aucun quiz correspondant
Distribution des résultats
% des personnes avec chaque résultat
Percentile par nombre de réponses
Votre historique - résultats
Vous n’avez pas pris ce quiz